| 000 | 00992nam a2200229Ii 4500 | ||
|---|---|---|---|
| 003 | JO-AjNU | ||
| 008 | 230605s9999||||xx |||||||||||||| ||und|| | ||
| 017 | _a2010/9/5593 | ||
| 020 | _a978-9957-19-040-8 | ||
| 040 |
_aJO-AjNU _bara _erda _cJO-AjNU |
||
| 041 | _aara | ||
| 050 | 1 | 4 | _aDS36.88.A425 2011 |
| 100 | 3 |
_aنافعة، حسن... وآخرون؛ مراجعة وتقديم فيصل دراج, _eauthor _946274 |
|
| 245 | 0 | 0 | _aالعالم العربي ومعظلاته والإصلاح المنشود |
| 250 | _aط1 | ||
| 264 | 3 | 1 | _aعمان: بيروت: مؤسسة عبد الحميد شومان، المؤسسة العربية للدراسات والنشر، 2011 |
| 300 | _a290ص | ||
| 336 |
_atext _btxt _2rdacontent |
||
| 337 |
_aunmediated _bn _2rdamedia |
||
| 338 |
_avolume _bnc _2rdacarrier |
||
| 650 | 4 |
_aالاصلاحات السياسية - البلاد العربي - احوال اجتماعية واقتصادية - مقالات ومحاضرات - قرن 21 _946275 |
|
| 999 |
_aA20118 _c23686 _d23686 |
||